000 00865nam a2200277 a 4500
003 AR-BaBNM
005 20251128204601.0
008 082120s2002 ||||||||||||||000 | spa||
020 _a950-556-253-X
040 _cAR-BaBNM
100 1 _aToro, Alfonso de
245 0 0 _aTexto - Mensaje- Recipiente
_banálisis semiótico-estructural de textos narrativos, dramáticos y líricos de la literatura española, hispanoamericana y francesa de los siglos XVI, XVII y XX
260 _aBuenos Aires
_bGalerna
_c1990
300 _a220 p.
_bgráfs.
650 4 _aCRITICA LITERARIA
650 4 _aANALISIS LITERARIO
650 4 _aESCRITORES
650 4 _aLITERATURA ESPAÑOLA
650 4 _aLITERATURA FRANCESA
650 4 _aLITERATURA LATINOAMERICANA
650 4 _aSEMIOLOGIA
650 4 _aLINGÜISTICA
655 _aLITERATURA
942 _cBK
998 _cMARTIN
999 _c8025
_d8025